[Event "HUN-chT2 Breyer 0304"]
[Site "Hungary"]
[Date "2004.02.08"]
[Round "7"]
[White "D Albini, Geza"]
[Black "Pataki, Zoltan"]
[Result "1/2-1/2"]
[WhiteElo "2114"]
[BlackElo "1936"]
[PlyCount "24"]
[EventDate "2003.09.28"]
[EventType "team"]
[EventRounds "11"]
[EventCountry "HUN"]
[SourceTitle "EXT 2009"]
[Source "ChessBase"]
[SourceDate "2008.11.26"]
[SourceVersion "1"]
[SourceVersionDate "2008.11.26"]
[SourceQuality "1"]
[WhiteTeam "Vizugy II"]
[BlackTeam "Komarom"]
[WhiteTeamCountry "HUN"]
[BlackTeamCountry "HUN"]

1. c4 Nf6 2. Nc3 g6 3. e4 d6 4. g3 c5 5. Bg2 Bg7 6. Nge2 Nc6 7. d4 cxd4 8. Nxd4 Qb6 9. Nb3 Ne5 10. Be3 Qa6 11. Nb5 0-0 12. 0-0 Bg4 1/2-1/2

[Event "HUN-chT2 Breyer 0304"]
[Site "Hungary"]
[Date "2003.09.28"]
[Round "1"]
[White "Pataki, Zoltan"]
[Black "Lengyel, Sandor"]
[Result "1/2-1/2"]
[WhiteElo "1936"]
[BlackElo "1972"]
[PlyCount "67"]
[EventDate "2003.09.28"]
[EventType "team"]
[EventRounds "11"]
[EventCountry "HUN"]
[SourceTitle "EXT 2009"]
[Source "ChessBase"]
[SourceDate "2008.11.26"]
[SourceVersion "1"]
[SourceVersionDate "2008.11.26"]
[SourceQuality "1"]
[WhiteTeam "Komarom"]
[BlackTeam "Turul"]
[WhiteTeamCountry "HUN"]
[BlackTeamCountry "HUN"]

1. Nf3 c5 2. g3 g6 3. Bg2 Bg7 4. c3 Nf6 5. d4 cxd4 6. Nxd4 0-0 7. 0-0 d5 8. Qb3 e5 9. Nc2 Nc6 10. Bg5 e4 11. Rd1 Be6 12. Qxb7 Na5 13. Bxf6 Bxf6 14. Qa6 Qc7 15. Nba3 Bd8 16. Nb4 Qe5 17. Nb5 Bb6 18. Nd4 Rac8 19. e3 Nc4 20. Nxe6 fxe6 21. Bh3 Rc5 22. b3 Nb2 23. Rdc1 Rxc3 24. Bxe6+ Kh8 25. Rxc3 Qxc3 26. Nxd5 Qe5 27. Nxb6 Qxe6 28. Qa3 Qf6 29. Nd7 Qxf2+ 30. Kh1 Qf3+ 31. Kg1 Qxe3+ 32. Kh1 Qf3+ 33. Kg1 Qf2+ 34. Kh1 1/2-1/2

[Event "HUN-chT2 Breyer 0203"]
[Site "Hungary"]
[Date "2003.04.13"]
[Round "11"]
[White "Pataki, Zoltan"]
[Black "Szegi, Tamas"]
[Result "0-1"]
[WhiteElo "1870"]
[BlackElo "2149"]
[PlyCount "62"]
[EventDate "2002.09.22"]
[EventType "team"]
[EventRounds "11"]
[EventCountry "HUN"]
[SourceTitle "EXT 2009"]
[Source "ChessBase"]
[SourceDate "2008.11.26"]
[SourceVersion "1"]
[SourceVersionDate "2008.11.26"]
[SourceQuality "1"]

1. d4 g6 2. Nf3 Nf6 3. b3 Bg7 4. Bb2 0-0 5. e3 d6 6. Nbd2 Re8 7. Bd3 c6 8. c3 e5 9. e4 exd4 10. 0-0 dxc3 11. Bxc3 Nbd7 12. Rc1 Nc5 13. Qe2 Qe7 14. Rfe1 Bg4 15. h3 Bxf3 16. Qxf3 Nxd3 17. Qxd3 Rac8 18. Qf3 Nh5 19. Bb4 Qg5 20. Nc4 Re6 21. Bd2 Qe7 22. g4 Nf6 23. Bg5 h6 24. Bxf6 Bxf6 25. Kf1 Re8 26. Red1 Bg5 27. Rb1 b5 28. Na5 Qc7 29. b4 Rxe4 30. Re1 d5 31. Qc3 Qh2 0-1

[Event "HUN-chT2 Breyer 0203"]
[Site "Hungary"]
[Date "2003.03.23"]
[Round "9"]
[White "Revesz, Zoltan"]
[Black "Pataki, Zoltan"]
[Result "1-0"]
[WhiteElo "2088"]
[BlackElo "1870"]
[PlyCount "77"]
[EventDate "2002.09.22"]
[EventType "team"]
[EventRounds "11"]
[EventCountry "HUN"]
[SourceTitle "EXT 2009"]
[Source "ChessBase"]
[SourceDate "2008.11.26"]
[SourceVersion "1"]
[SourceVersionDate "2008.11.26"]
[SourceQuality "1"]

1. e4 e5 2. Nf3 Nc6 3. Bc4 Nf6 4. d3 Bc5 5. c3 d6 6. Nbd2 0-0 7. Nf1 d5 8. exd5 Nxd5 9. Ng3 Bg4 10. h3 Bxf3 11. Qxf3 Nb6 12. Bb3 Na5 13. Bc2 Bd6 14. 0-0 Nd7 15. Nf5 Nc6 16. Qg4 g6 17. Ng3 f5 18. Qc4+ Kh8 19. b4 a5 20. b5 Nb6 21. Qb3 a4 22. Qb1 Na5 23. Bh6 Rf7 24. Qd1 Rd7 25. Qe2 Nd5 26. Bd2 Nf4 27. Qf3 Nxd3 28. Bxd3 e4 29. Bxe4 Bxg3 30. Qxg3 Rxd2 31. Bf3 c6 32. Qe5+ Kg8 33. Rfd1 Rxd1+ 34. Rxd1 Qe8 35. Qc7 Qc8 36. b6 Qe8 37. Rd7 Qe1+ 38. Kh2 Qxc3 39. Bd5+ 1-0

[Event "HUN-chT2 Breyer 0203"]
[Site "Hungary"]
[Date "2003.01.19"]
[Round "5"]
[White "Pataki, Zoltan"]
[Black "Deak, Ferenc"]
[Result "0-1"]
[WhiteElo "1870"]
[BlackElo "2201"]
[PlyCount "80"]
[EventDate "2002.09.22"]
[EventType "team"]
[EventRounds "11"]
[EventCountry "HUN"]
[SourceTitle "EXT 2009"]
[Source "ChessBase"]
[SourceDate "2008.11.26"]
[SourceVersion "1"]
[SourceVersionDate "2008.11.26"]
[SourceQuality "1"]

1. d4 Nf6 2. Nf3 d5 3. e3 Bg4 4. Bd3 e6 5. Nbd2 Bd6 6. 0-0 Nbd7 7. Re1 c6 8. c3 Qc7 9. h3 Bf5 10. e4 dxe4 11. Nxe4 Bxe4 12. Bxe4 Nxe4 13. Rxe4 h6 14. Qc2 0-0-0 15. a4 g5 16. b4 Nf6 17. Re2 g4 18. hxg4 Nxg4 19. Re4 Rhg8 20. b5 Rg7 21. Qe2 Rdg8 22. Ne1 h5 23. bxc6 Qxc6 24. Bf4 Nf6 25. d5 exd5 26. Rd4 Bxf4 27. Rxf4 Rg6 28. Ra2 Re8 29. Qf1 Re4 30. Rxe4 Nxe4 31. f3 Qc5+ 32. Kh2 Nxc3 33. Rc2 d4 34. Qd3 Qe5+ 35. f4 Qxf4+ 36. g3 Qe5 37. Qc4+ Kb8 38. Qf1 Qxg3+ 39. Kh1 Ne4 40. Qxf7 Qg1# 0-1

[Event "HUN-chT2 Breyer 0203"]
[Site "Hungary"]
[Date "2002.11.24"]
[Round "3"]
[White "Balvanyos, Istvan"]
[Black "Pataki, Zoltan"]
[Result "1-0"]
[WhiteElo "2107"]
[BlackElo "1870"]
[PlyCount "39"]
[EventDate "2002.09.22"]
[EventType "team"]
[EventRounds "11"]
[EventCountry "HUN"]
[SourceTitle "EXT 2009"]
[Source "ChessBase"]
[SourceDate "2008.11.26"]
[SourceVersion "1"]
[SourceVersionDate "2008.11.26"]
[SourceQuality "1"]

1. Nf3 Nc6 2. d4 d5 3. c4 Bf5 4. cxd5 Qxd5 5. Nc3 Qa5 6. Bd2 0-0-0 7. e4 Bg4 8. Nd5 Bxf3 9. gxf3 Qxd5 10. exd5 Nxd4 11. Bc3 Nf5 12. Bh3 e6 13. Bxf5 exf5 14. Qd3 Re8+ 15. Kd1 Ne7 16. Kc2 Rd8 17. Rad1 f6 18. Rhe1 Rxd5 19. Qc4 Rxd1 20. Rxd1 1-0

[Event "HUN-chT2 Breyer 0203"]
[Site "Hungary"]
[Date "2002.10.13"]
[Round "2"]
[White "Pataki, Zoltan"]
[Black "Ritter, Gabor"]
[Result "0-1"]
[WhiteElo "1870"]
[BlackElo "2159"]
[PlyCount "50"]
[EventDate "2002.09.22"]
[EventType "team"]
[EventRounds "11"]
[EventCountry "HUN"]
[SourceTitle "EXT 2009"]
[Source "ChessBase"]
[SourceDate "2008.11.26"]
[SourceVersion "1"]
[SourceVersionDate "2008.11.26"]
[SourceQuality "1"]

1. d4 f5 2. Nf3 Nf6 3. e3 d5 4. Nbd2 e6 5. Be2 Bd6 6. c4 c6 7. cxd5 exd5 8. Ne5 0-0 9. f4 Nbd7 10. Ndf3 Ne4 11. 0-0 Ndf6 12. Bd3 Be6 13. Qb3 Qb6 14. Qc2 Rac8 15. Bxe4 Nxe4 16. Nd2 c5 17. Nxe4 cxd4 18. Qf2 Bxe5 19. Ng5 Bf6 20. Nxe6 Qxe6 21. exd4 Rfe8 22. Rd1 Qe4 23. Kf1 Rc2 24. Bd2 Bxd4 25. Qe1 Qd3+ 0-1